Państwa bez sąsiadów - Statystyki

Ogólne statystyki
  • Ten quiz został rozwiązany 441 razy
    428 od ostatniego zresetowania
  • Średni wynik to 23 z 37
Statystyki odpowiedzi
Państwo % Poprawnych
Islandia
89%
Australia
83%
Malta
81%
Nowa Zelandia
80%
Japonia
76%
Madagaskar
76%
Kuba
69%
Sri Lanka
64%
Wyspy Marshalla
63%
Jamajka
62%
Wyspy Świętego Tomasza i Książęca
62%
Republika Zielonego Przylądka
61%
Seszele
61%
Tuvalu
61%
Wyspy Salomona
61%
Fidżi
60%
Malediwy
59%
Mikronezja
59%
Barbados
58%
Kiribati
58%
Antigua i Barbuda
57%
Bahamy
57%
Dominika
57%
Nauru
57%
Palau
57%
Vanuatu
57%
Saint Lucia
56%
Filipiny
55%
Saint Kitts i Nevis
55%
Saint Vincent i Grenadyny
55%
Tajwan
55%
Trynidad i Tobago
55%
Samoa
54%
Komory
53%
Tonga
53%
Mauritius
52%
Grenada
50%
Nie znaleziono quizów pasujących do podanych kryteriów
Rozkład punktacji
Procent ludzi z każdym wynikiem
Percentyl według liczby udzielonych odpowiedzi
Twoja historia wyników
Nie rozwiązałeś tego quizu od ostatniego zresetowania